<?xml version="1.0" encoding="UTF-8"?>
<record
    xmlns:xsi="http://www.w3.org/2001/XMLSchema-instance"
    xsi:schemaLocation="http://www.loc.gov/MARC21/slim http://www.loc.gov/standards/marcxml/schema/MARC21slim.xsd"
    xmlns="http://www.loc.gov/MARC21/slim">

  <leader>00557cam a22002172a 4500</leader>
  <datafield tag="999" ind1=" " ind2=" ">
    <subfield code="c">34605</subfield>
    <subfield code="d">34605</subfield>
  </datafield>
  <controlfield tag="001">  012742</controlfield>
  <controlfield tag="003">  AR-FADEU</controlfield>
  <controlfield tag="005">20211213094056.0</controlfield>
  <controlfield tag="008">  311216n1966####xxu####################dd</controlfield>
  <datafield tag="040" ind1=" " ind2=" ">
    <subfield code="c">Biblioteca Ernesto S&#xE1;bato</subfield>
  </datafield>
  <datafield tag="092" ind1=" " ind2=" ">
    <subfield code="a">320.011</subfield>
    <subfield code="b">U84</subfield>
    <subfield code="e">BDGR</subfield>
  </datafield>
  <datafield tag="100" ind1=" " ind2=" ">
    <subfield code="a">Uscatescu, George</subfield>
  </datafield>
  <datafield tag="245" ind1=" " ind2=" ">
    <subfield code="a">Maquiavelo y la pasi&#xF3;n del poder</subfield>
  </datafield>
  <datafield tag="260" ind1=" " ind2=" ">
    <subfield code="a">Madrid</subfield>
  </datafield>
  <datafield tag="260" ind1=" " ind2=" ">
    <subfield code="b">Guadarrama</subfield>
  </datafield>
  <datafield tag="260" ind1=" " ind2=" ">
    <subfield code="c">1969</subfield>
  </datafield>
  <datafield tag="300" ind1=" " ind2=" ">
    <subfield code="a">215 p</subfield>
  </datafield>
  <datafield tag="440" ind1=" " ind2=" ">
    <subfield code="a">Universitaria de bolsillo</subfield>
    <subfield code="n"> 102</subfield>
    <subfield code="p"> Punto Omega</subfield>
  </datafield>
  <datafield tag="650" ind1=" " ind2=" ">
    <subfield code="a">MAQUIAVELO, N.</subfield>
  </datafield>
  <datafield tag="942" ind1=" " ind2=" ">
    <subfield code="c">BDGR</subfield>
    <subfield code="2">ddc</subfield>
  </datafield>
  <datafield tag="952" ind1=" " ind2=" ">
    <subfield code="0">0</subfield>
    <subfield code="1">0</subfield>
    <subfield code="2">ddc</subfield>
    <subfield code="4">0</subfield>
    <subfield code="7">0</subfield>
    <subfield code="a">AR-FADEU</subfield>
    <subfield code="b">AR-FADEU</subfield>
    <subfield code="d">2021-12-13</subfield>
    <subfield code="i">25313</subfield>
    <subfield code="l">0</subfield>
    <subfield code="o">320.011 U84</subfield>
    <subfield code="p">25313</subfield>
    <subfield code="r">2021-12-13 00:00:00</subfield>
    <subfield code="w">2021-12-13</subfield>
    <subfield code="y">BDGR</subfield>
  </datafield>
</record>
